| 000 | 00472nam a2200157Ia 4500 | ||
|---|---|---|---|
| 008 | 210716s2001 xx 000 0 und d | ||
| 020 | _a0130311286 | ||
| 041 | _aeng | ||
| 082 | _a658.56 HANM | ||
| 100 | _aHanna, Mark D;Newman, Rocky W. | ||
| 245 |
_aIntegrated operations management: adding value for customers. _bAdding value for customers. |
||
| 250 | _a1 | ||
| 260 |
_aNew Jersey _bPrentice Hall _c2001 |
||
| 300 | _axxii,753,I-8 | ||
| 650 | _aOperations Management | ||
| 999 |
_c206050 _d206050 |
||